[Event "45 Miedzynarodowy Festiwal Szachowy im."]
[Site "Polanica Zdroj - Nasz Dom"]
[Date "2009.08.27"]
[Round "10.2"]
[White "Blaszkiewicz, Mateusz"]
[Black "Szadkowski, Kamil"]
[Result "0-1"]
[WhiteElo "1898"]
[BlackElo "2167"]
[PlyCount "68"]
[EventDate "2009.??.??"]

1. e4 d5 2. exd5 Qxd5 3. Nc3 Qa5 4. d4 e5 5. dxe5 Bb4 6. Nf3 Bg4 7. Bd2 Nc6 8.
Bb5 O-O-O 9. Bxc6 bxc6 10. Qe2 Nh6 11. O-O-O Be6 12. Nb1 Bxd2+ 13. Rxd2 Qxa2
14. Rhd1 Nf5 15. Rxd8+ Rxd8 16. Rxd8+ Kxd8 17. Ng5 Ke7 18. Nxe6 Qxe6 19. Nc3
Qh6+ 20. Qd2 Qxh2 21. Qg5+ Ke6 22. g4 Ne7 23. f4 Qh6 24. Qxh6+ gxh6 25. Kd2 h5
26. gxh5 Kf5 27. Ke3 Nd5+ 28. Nxd5 cxd5 29. Kf3 c5 30. b3 a5 31. Kg3 c4 32. Kf3
cxb3 33. cxb3 d4 34. h6 d3 0-1

[Event "45 Miedzynarodowy Festiwal Szachowy im."]
[Site "Polanica Zdroj - Nasz Dom"]
[Date "2009.08.27"]
[Round "10.3"]
[White "Dowgird, Filip"]
[Black "Betkowski, Andrzej"]
[Result "1/2-1/2"]
[WhiteElo "2011"]
[BlackElo "2184"]
[PlyCount "63"]
[EventDate "2009.??.??"]

1. e4 e6 2. d3 d5 3. Nd2 Nf6 4. Ngf3 b6 5. c3 c5 6. Qa4+ Qd7 7. Qxd7+ Nfxd7 8.
exd5 exd5 9. d4 Bd6 10. dxc5 bxc5 11. Bd3 Ba6 12. Bxa6 Nxa6 13. c4 d4 14. O-O
O-O 15. Ne4 Bc7 16. Bd2 Rfe8 17. Rfe1 f5 18. Ng3 g6 19. Rxe8+ Rxe8 20. Re1
Rxe1+ 21. Nxe1 Ne5 22. b3 Nb8 23. Ne2 Kf7 24. Nf4 Nbc6 25. Ned3 Nxd3 26. Nxd3
Bd6 27. a3 a5 28. f4 Ke6 29. Kf2 Be7 30. Ke2 Bd6 31. h3 h5 32. Kf3 1/2-1/2

[Event "45 Miedzynarodowy Festiwal Szachowy im."]
[Site "Polanica Zdroj - Nasz Dom"]
[Date "2009.08.27"]
[Round "10.4"]
[White "Zadlo, Tomasz"]
[Black "Skawinski, Arkadiusz"]
[Result "1/2-1/2"]
[WhiteElo "2076"]
[BlackElo "2153"]
[PlyCount "120"]
[EventDate "2009.??.??"]

1. e4 e6 2. d4 c5 3. c3 b6 4. Nf3 cxd4 5. cxd4 Bb7 6. Nc3 Nf6 7. Bd3 Bb4 8. Qe2
d5 9. e5 Ne4 10. Bd2 Bxc3 11. Bxc3 Nxc3 12. bxc3 O-O 13. O-O Qe7 14. Nd2 Qa3
15. c4 Na6 16. Qe3 Kh8 17. cxd5 Nb4 18. Be4 Qxe3 19. fxe3 Bxd5 20. a3 Bxe4 21.
axb4 Bd3 22. Rfc1 a5 23. bxa5 Rxa5 24. Rxa5 bxa5 25. Nb3 Be4 26. Nxa5 Bd5 27.
Rc7 Ra8 28. Rc5 h6 29. Kf2 Kh7 30. h3 g5 31. g4 Kg6 32. Nc6 Ra2+ 33. Kg1 Bg2
34. Ne7+ Kg7 35. d5 exd5 36. Nf5+ Kh7 37. Rc6 Be4 38. Rxh6+ Kg8 39. Rh5 Bxf5
40. gxf5 f6 41. exf6 Kf7 42. Rxg5 Kxf6 43. Rg2 Ra4 44. Rg4 Ra3 45. Kf2 Ra2+ 46.
Kf3 Rh2 47. Rg2 Rh1 48. Kg4 Rf1 49. Rg3 Ra1 50. Rf3 Rg1+ 51. Kf4 Rh1 52. Kg3
Rg1+ 53. Kf2 Rh1 54. Kg2 Rd1 55. h4 d4 56. exd4 Rxd4 57. Kg3 Rd5 58. Kg4 Rd4+
59. Kh5 Rd5 60. Kg4 Rd4+ 1/2-1/2

[Event "45 Miedzynarodowy Festiwal Szachowy im."]
[Site "Polanica Zdroj - Nasz Dom"]
[Date "2009.08.27"]
[Round "10.5"]
[White "Tomsia, Kamil"]
[Black "Jagiela, Piotr"]
[Result "1-0"]
[WhiteElo "2103"]
[BlackElo "1939"]
[PlyCount "77"]
[EventDate "2009.??.??"]

1. d4 d6 2. e4 Nf6 3. Nc3 g6 4. Nf3 Bg7 5. Bc4 c6 6. Bb3 b5 7. a3 a5 8. O-O O-O
9. h3 Nbd7 10. e5 dxe5 11. dxe5 Nh5 12. g4 Nxe5 13. Nxe5 Bxe5 14. Qxd8 Rxd8 15.
gxh5 Bxh3 16. Re1 Bd6 17. hxg6 hxg6 18. Ne4 Bf5 19. Nxd6 exd6 20. Re7 d5 21. a4
b4 22. Be3 Kf8 23. Bc5 Kg7 24. Rae1 g5 25. Rc7 Rdc8 26. Ree7 Rxc7 27. Rxc7 Re8
28. Bd4+ Kg6 29. Rxc6+ Be6 30. Bxd5 Kf5 31. Bxe6+ fxe6 32. Rc5+ Ke4 33. Be3 g4
34. Kg2 g3 35. Kxg3 e5 36. Rc4+ Kd5 37. b3 Rg8+ 38. Kf3 Ra8 39. Rc5+ 1-0

[Event "45 Miedzynarodowy Festiwal Szachowy im."]
[Site "Polanica Zdroj - Nasz Dom"]
[Date "2009.08.27"]
[Round "10.6"]
[White "Solnicki, Michal"]
[Black "Szadkowski, Krzysztof"]
[Result "1-0"]
[WhiteElo "2031"]
[BlackElo "2100"]
[PlyCount "51"]
[EventDate "2009.??.??"]

1. d4 Nf6 2. Nf3 c5 3. d5 e6 4. Nc3 exd5 5. Nxd5 d6 6. Bg5 Be7 7. e4 Nc6 8.
Bxf6 Bxf6 9. c3 O-O 10. Qc2 Be6 11. O-O-O Bxd5 12. exd5 Ne5 13. Nxe5 Bxe5 14.
g3 b5 15. f4 Bf6 16. Bd3 b4 17. Bxh7+ Kh8 18. g4 g6 19. Bxg6 fxg6 20. Qxg6 Qe8
21. Qd3 Qa4 22. g5 Qxa2 23. Qh3+ Kg8 24. gxf6 Qa1+ 25. Kc2 b3+ 26. Kd3 1-0

[Event "45 Miedzynarodowy Festiwal Szachowy im."]
[Site "Polanica Zdroj - Nasz Dom"]
[Date "2009.08.27"]
[Round "10.7"]
[White "Szusterowski, Przemyslaw"]
[Black "Wandzik, Wojciech"]
[Result "0-1"]
[WhiteElo "1750"]
[BlackElo "2070"]
[PlyCount "52"]
[EventDate "2009.??.??"]

1. e4 c5 2. Nf3 e6 3. d4 cxd4 4. Nxd4 Nc6 5. Nc3 Qc7 6. Be2 a6 7. O-O Nf6 8.
Be3 Bb4 9. f3 O-O 10. a3 Be7 11. f4 d6 12. f5 Nxd4 13. Bxd4 b5 14. Bf3 Bb7 15.
g4 Nd7 16. Qd2 Ne5 17. Bxe5 dxe5 18. g5 Rfd8 19. Qg2 exf5 20. exf5 Bxf3 21.
Rxf3 Rd4 22. Rd3 Rad8 23. Nd5 R8xd5 24. Qxd5 Rxd5 25. Rxd5 Qxc2 26. Rad1 Bc5+
0-1

[Event "45 Miedzynarodowy Festiwal Szachowy im."]
[Site "Polanica Zdroj - Nasz Dom"]
[Date "2009.08.27"]
[Round "10.8"]
[White "Kozera, Aleksandra"]
[Black "Wiewiora, Eneasz"]
[Result "1-0"]
[WhiteElo "1788"]
[BlackElo "2056"]
[PlyCount "167"]
[EventDate "2009.??.??"]

1. e4 g6 2. d4 Bg7 3. c3 c6 4. Bd3 d5 5. exd5 cxd5 6. Bf4 Nc6 7. Nf3 Bg4 8.
Nbd2 Nf6 9. Qc2 Rc8 10. h3 Bxf3 11. Nxf3 O-O 12. Qe2 Re8 13. O-O Nd7 14. Rfe1
e6 15. Rad1 a6 16. h4 Na5 17. h5 Nc4 18. hxg6 hxg6 19. Ng5 Nf8 20. Nf3 Nd7 21.
Ng5 Qf6 22. Nh3 Qd8 23. Ng5 Qb6 24. Rb1 Nf6 25. Qf3 Rf8 26. Qh3 Rfe8 27. g4 Qd8
28. Kg2 Nd6 29. f3 Rc6 30. Rh1 Nc4 31. Rh2 e5 32. dxe5 Nxe5 33. Bxe5 Rxe5 34.
f4 Rxg5 35. fxg5 Ne4 36. Bxe4 dxe4 37. Qe3 Rd6 38. Re1 Be5 39. Rh3 Rd2+ 40. Re2
Rxe2+ 41. Qxe2 Qxg5 42. Qxe4 Qd2+ 43. Kf3 Qd1+ 44. Qe2 Qd5+ 45. Kf2 Kf8 46. Rd3
Qe6 47. Rf3 Kg7 48. Kf1 Qd5 49. a3 g5 50. Qd3 Qb3 51. Rf5 Bf4 52. Qd5 Qxd5 53.
Rxd5 Bc1 54. b3 Bxa3 55. Rxg5+ Kf6 56. Rf5+ Ke6 57. Ke2 b6 58. b4 Bc1 59. Kd3
f6 60. Ke4 Bd2 61. Rf3 Be1 62. Rd3 a5 63. bxa5 bxa5 64. Kd4 Kd6 65. Kc4+ Kc6
66. Re3 Bh4 67. Re6+ Kb7 68. Kb5 Kc7 69. Kxa5 Kd7 70. Re4 Kc6 71. Kb4 Kd5 72.
Re8 Kc6 73. c4 Kd7 74. Re2 Kc6 75. c5 Bg5 76. Kc4 Bh4 77. Re6+ Kd7 78. Kd5 Bg5
79. c6+ Kd8 80. Ke4 Kc7 81. Kf5 Bh4 82. Rxf6 Bxf6 83. Kxf6 Kxc6 84. g5 1-0

[Event "45 Miedzynarodowy Festiwal Szachowy im."]
[Site "Polanica Zdroj - Nasz Dom"]
[Date "2009.08.27"]
[Round "10.9"]
[White "Lach, Piotr"]
[Black "Duszenko, Michal"]
[Result "1-0"]
[WhiteElo "2148"]
[BlackElo "1785"]
[PlyCount "105"]
[EventDate "2009.??.??"]

1. e4 e5 2. Nf3 Nc6 3. Bb5 a6 4. Ba4 Nf6 5. O-O Be7 6. c3 O-O 7. Re1 b5 8. Bb3
d5 9. exd5 Nxd5 10. Nxe5 Nxe5 11. Rxe5 c6 12. d4 Bd6 13. Re1 Qh4 14. g3 Qh3 15.
Qf3 Bg4 16. Qg2 Qh5 17. Bxd5 cxd5 18. f4 Rae8 19. Be3 Re6 20. Nd2 Rfe8 21. Qf2
Bxf4 22. Qxf4 g5 23. Qf2 Kg7 24. a4 bxa4 25. c4 Rf6 26. Qg2 Bh3 27. Qxd5 Rf5
28. Qb7 Qg4 29. c5 Rxe3 30. Rxe3 Qxd4 31. Qe4 Qxd2 32. Re2 Qa5 33. Qd4+ Kg6 34.
Qd6+ Rf6 35. Qd3+ Bf5 36. Qc3 Qb5 37. Rf2 Rc6 38. Rc1 Be4 39. Rd2 g4 40. Qc4
Bf3 41. Rd6+ Rxd6 42. Qxb5 axb5 43. cxd6 Kf6 44. Rc5 Ke6 45. Rxb5 Kxd6 46. Rb4
Kc5 47. Rxa4 Kb5 48. Rf4 h5 49. Rxf7 Kc4 50. Rh7 Kb3 51. Rxh5 Kxb2 52. Rc5 Kb3
53. Kf2 1-0

[Event "45 Miedzynarodowy Festiwal Szachowy im."]
[Site "Polanica Zdroj - Nasz Dom"]
[Date "2009.08.27"]
[Round "10.10"]
[White "Mucha, Magdalena"]
[Black "Klepaczka, Tomasz"]
[Result "0-1"]
[WhiteElo "1787"]
[BlackElo "2085"]
[PlyCount "43"]
[EventDate "2009.??.??"]

1. e4 e5 2. Nf3 Nf6 3. Nxe5 d6 4. Nf3 Nxe4 5. d4 d5 6. Bd3 Bd6 7. O-O O-O 8. c4
c6 9. Nc3 Nxc3 10. bxc3 dxc4 11. Bxc4 Bg4 12. Be2 Nd7 13. c4 c5 14. d5 Bxf3 15.
Bxf3 Qh4 16. g3 Qxc4 17. a4 Qb4 18. Qc2 Qb6 19. Be3 Qc7 20. a5 b5 21. axb6 axb6
22. Bd2 0-1

[Event "45 Miedzynarodowy Festiwal Szachowy im."]
[Site "Polanica Zdroj - Nasz Dom"]
[Date "2009.08.27"]
[Round "10.12"]
[White "Szusterowski, Radoslaw"]
[Black "Ziebinski, Bartosz"]
[Result "1/2-1/2"]
[WhiteElo "1969"]
[BlackElo "2045"]
[PlyCount "101"]
[EventDate "2009.??.??"]

1. d4 Nf6 2. c4 g6 3. Nc3 Bg7 4. e4 d6 5. Nf3 O-O 6. Be2 Nbd7 7. O-O e5 8. Be3
h6 9. h3 c6 10. Qd2 Kh7 11. Rfd1 Qe7 12. dxe5 dxe5 13. Qc2 Ne8 14. g4 Nc7 15.
Rd2 Ne6 16. Rad1 Bf6 17. b4 Rh8 18. Rd6 Nd4 19. Nxd4 Qxd6 20. Nf5 Qf8 21. Nxh6
Bg7 22. g5 Bxh6 23. gxh6 Qxb4 24. Qd2 Qe7 25. Na4 b6 26. Qd6 Qxd6 27. Rxd6 Nf8
28. Rxc6 Bxh3 29. Rc7 Be6 30. Nc3 Kg8 31. Nb5 Nd7 32. Nxa7 Kh7 33. a3 g5 34.
Bh5 Rhf8 35. Bd2 Kxh6 36. Be2 f6 37. Bb4 Nc5 38. Nb5 Rfc8 39. Re7 Re8 40. Nc7
Rxe7 41. Nxa8 Rb7 42. Nxb6 Rxb6 43. Bxc5 Rc6 44. Bf8+ Kg6 45. c5 Rc8 46. Bd6
Ra8 47. c6 Kf7 48. Bb5 Bc8 49. Bc4+ Be6 50. Bb5 Bc8 51. Bc4+ 1/2-1/2

[Event "45 Miedzynarodowy Festiwal Szachowy im."]
[Site "Polanica Zdroj - Nasz Dom"]
[Date "2009.08.27"]
[Round "10.13"]
[White "Wasik, Piotr"]
[Black "Kacprzak, Robert"]
[Result "1/2-1/2"]
[WhiteElo "1976"]
[BlackElo "1906"]
[PlyCount "103"]
[EventDate "2009.??.??"]

1. e4 c6 2. d4 d5 3. exd5 cxd5 4. Bd3 Nf6 5. c3 Nc6 6. Bf4 g6 7. Nd2 Bg7 8.
Ngf3 O-O 9. O-O Nh5 10. Bg5 Qc7 11. Re1 f6 12. Bh4 e5 13. dxe5 fxe5 14. Qb3 Kh8
15. Be2 e4 16. Qxd5 exf3 17. Bxf3 Nf6 18. Qc5 Bf5 19. Nc4 Nd7 20. Qd6 Qxd6 21.
Nxd6 Nde5 22. Bd5 Bf6 23. Nxf5 gxf5 24. Bxf6+ Rxf6 25. Rad1 Kg7 26. f4 Ng6 27.
g3 Rd8 28. Bxc6 Rxd1 29. Rxd1 bxc6 30. Kf2 Re6 31. Rd7+ Re7 32. Rd6 Rc7 33. b4
Ne7 34. c4 Nc8 35. Rd8 Nb6 36. c5 Nd5 37. a3 Nf6 38. h3 a5 39. bxa5 Ne4+ 40.
Kf3 Nxc5 41. g4 fxg4+ 42. hxg4 Ra7 43. Rc8 Rxa5 44. Rc7+ Kg8 45. f5 Rxa3+ 46.
Kf4 Ra4+ 47. Ke5 Rxg4 48. Rxc6 Nd7+ 49. Ke6 Nf8+ 50. Ke7 Rg7+ 51. Kf6 Rb7 52.
Kg5 1/2-1/2

[Event "45 Miedzynarodowy Festiwal Szachowy im."]
[Site "Polanica Zdroj - Nasz Dom"]
[Date "2009.08.27"]
[Round "10.14"]
[White "Witek, Tomasz"]
[Black "Somyk, Marcin"]
[Result "1/2-1/2"]
[WhiteElo "2138"]
[BlackElo "1901"]
[PlyCount "20"]
[EventDate "2009.??.??"]

1. d4 Nf6 2. c4 c5 3. d5 b5 4. cxb5 a6 5. b6 d6 6. Nc3 Qxb6 7. Nf3 g6 8. Nd2
Bg7 9. e4 O-O 10. Be2 Nbd7 1/2-1/2

[Event "45 Miedzynarodowy Festiwal Szachowy im."]
[Site "Polanica Zdroj - Nasz Dom"]
[Date "2009.08.27"]
[Round "10.15"]
[White "Gromczak, Dariusz"]
[Black "Lukasiewicz, Aleksander"]
[Result "1-0"]
[WhiteElo "2057"]
[BlackElo "1852"]
[PlyCount "53"]
[EventDate "2009.??.??"]

1. e4 e5 2. Nf3 Nc6 3. d4 exd4 4. Nxd4 Bc5 5. Be3 Qf6 6. Nb5 Bxe3 7. fxe3 Qh4+
8. g3 Qd8 9. Qg4 Kf8 10. Qf4 d6 11. Bc4 Nf6 12. N1c3 Ne5 13. Bb3 Be6 14. O-O-O
Bxb3 15. axb3 Qd7 16. h3 Ke8 17. g4 h6 18. Rhf1 Kd8 19. g5 Ng6 20. Qg3 hxg5 21.
Nxd6 Rxh3 22. Nxf7+ Ke8 23. Rxd7 Rxg3 24. Rxc7 Rxe3 25. Nxg5 b6 26. Rxg7 Rd8
27. Rxg6 1-0

[Event "45 Miedzynarodowy Festiwal Szachowy im."]
[Site "Polanica Zdroj - Nasz Dom"]
[Date "2009.08.27"]
[Round "10.16"]
[White "Jurkowski, Marcin"]
[Black "Latocha, Aleksander"]
[Result "1/2-1/2"]
[WhiteElo "1984"]
[BlackElo "1867"]
[PlyCount "61"]
[EventDate "2009.??.??"]

1. d4 d5 2. c4 c6 3. Nf3 e6 4. e3 Nf6 5. Nc3 Nbd7 6. Qc2 Be7 7. b3 O-O 8. Bd3
h6 9. O-O Bd6 10. Bb2 Re8 11. Rfd1 Qe7 12. e4 dxe4 13. Nxe4 Nxe4 14. Bxe4 Nf6
15. Bd3 b6 16. Re1 Bb7 17. Rad1 Rad8 18. Ne5 Qc7 19. Be2 c5 20. Bf3 Bxe5 21.
dxe5 Rxd1 22. Bxd1 Nd7 23. Qe2 Nf8 24. Bc2 Rd8 25. Rd1 Rxd1+ 26. Qxd1 Qd7 27.
Qe2 Ng6 28. Bxg6 fxg6 29. f3 Kf8 30. Kf2 Qd8 31. Bc3 1/2-1/2

[Event "45 Miedzynarodowy Festiwal Szachowy im."]
[Site "Polanica Zdroj - Nasz Dom"]
[Date "2009.08.27"]
[Round "10.18"]
[White "Skrzypczak, Anna"]
[Black "Karcz, Bartlomiej"]
[Result "1/2-1/2"]
[WhiteElo "1959"]
[BlackElo "1836"]
[PlyCount "29"]
[EventDate "2009.??.??"]

1. e4 e5 2. Nf3 Nc6 3. Bb5 a6 4. Ba4 Nf6 5. d3 b5 6. Bb3 Be7 7. O-O d6 8. c3
O-O 9. Re1 Bg4 10. h3 Bh5 11. Nbd2 Na5 12. Bc2 c5 13. Nf1 Nc6 14. Ne3 Re8 15.
g4 1/2-1/2

[Event "45 Miedzynarodowy Festiwal Szachowy im."]
[Site "Polanica Zdroj - Nasz Dom"]
[Date "2009.08.27"]
[Round "10.20"]
[White "Gorecki, Janusz"]
[Black "Siedlanowski, Lukasz"]
[Result "1/2-1/2"]
[WhiteElo "1928"]
[BlackElo "1688"]
[PlyCount "70"]
[EventDate "2009.??.??"]

1. e4 c6 2. d4 d5 3. exd5 cxd5 4. Bd3 Nc6 5. c3 Nf6 6. Bf4 Bg4 7. Ne2 Bh5 8.
O-O e6 9. Bg5 Bd6 10. Qd2 Bg6 11. Bxg6 hxg6 12. h3 Qc7 13. Bxf6 gxf6 14. b4 O-O
15. Na3 a6 16. Nc2 Ne7 17. Ne3 Kg7 18. Rac1 b5 19. f4 Rh8 20. Rf3 Rag8 21. Rcf1
Nc8 22. Ng4 Be7 23. Nc1 Nd6 24. Nb3 Ne4 25. Qb2 f5 26. Ne5 f6 27. Nd3 Qxc3 28.
Qb1 Qc6 29. Rc1 Qb6 30. Qb2 Rc8 31. Nbc5 Kf7 32. Re1 Rhe8 33. Rfe3 Bd6 34. Rf1
Bf8 35. Nd7 Qa7 1/2-1/2

[Event "45 Miedzynarodowy Festiwal Szachowy im."]
[Site "Polanica Zdroj - Nasz Dom"]
[Date "2009.08.27"]
[Round "10.21"]
[White "Wielosz, Jaroslaw"]
[Black "Goluch, Piotr"]
[Result "0-1"]
[WhiteElo "1963"]
[BlackElo "2040"]
[PlyCount "53"]
[EventDate "2009.??.??"]

1. e4 c6 2. d4 d5 3. Nc3 g6 4. h3 Bg7 5. Be3 Nf6 6. e5 Nfd7 7. f4 b5 8. a3 Nb6
9. b3 O-O 10. Nf3 a5 11. Bd3 Na6 12. O-O b4 13. axb4 Nxb4 14. Be2 Bf5 15. Ne1
Qc7 16. g4 Be4 17. f5 c5 18. Nxe4 dxe4 19. f6 exf6 20. exf6 Bxf6 21. Rxf6 N6d5
22. Bg5 h6 23. Bxh6 Nxf6 24. Bxf8 Rxf8 25. Ng2 Rd8 26. c3 Nbd5 27. dxc5 {
dalej zapisy nieczytelne...} 0-1

[Event "45 Miedzynarodowy Festiwal Szachowy im."]
[Site "Polanica Zdroj - Nasz Dom"]
[Date "2009.08.27"]
[Round "10.23"]
[White "Warchol, Maria"]
[Black "Mondrzycki, Bartlomiej"]
[Result "1/2-1/2"]
[WhiteElo "1834"]
[BlackElo "2021"]
[PlyCount "111"]
[EventDate "2009.??.??"]

1. e4 c5 2. Nf3 Nc6 3. d4 cxd4 4. Nxd4 Nf6 5. Nc3 e5 6. Ndb5 d6 7. Bg5 a6 8.
Na3 b5 9. Nd5 Be7 10. Bxf6 Bxf6 11. c3 Bb7 12. Nc2 Ne7 13. Nce3 Bg5 14. Nxe7
Bxe3 15. Nf5 Bc5 16. b4 g6 17. bxc5 gxf5 18. Qxd6 Qxd6 19. cxd6 Rc8 20. O-O-O
Kd7 21. Kb2 Rc6 22. Be2 Rxd6 23. Rxd6+ Kxd6 24. exf5 Bxg2 25. Rd1+ Ke7 26. f6+
Kxf6 27. Rd6+ Kg5 28. Rxa6 f5 29. Rb6 Rd8 30. Kc1 Kf4 31. Rxb5 e4 32. a4 Bh3
33. a5 Bg4 34. Bxg4 Kxg4 35. a6 f4 36. a7 Ra8 37. Ra5 Kf3 38. Ra2 Kg2 39. Kd1
Kf1 40. Ra4 e3 41. fxe3 f3 42. c4 f2 43. c5 Kg2 44. Rg4+ Kf3 45. Rg3+ Ke4 46.
Ke2 Rxa7 47. Rg4+ Kd5 48. Kxf2 Kxc5 49. Kf3 Kd5 50. e4+ Ke5 51. Rg5+ Kf6 52.
Kf4 Ra1 53. Rf5+ Kg6 54. h4 h5 55. Rg5+ Kh6 56. Re5 1/2-1/2

[Event "45 Miedzynarodowy Festiwal Szachowy im."]
[Site "Polanica Zdroj - Nasz Dom"]
[Date "2009.08.27"]
[Round "10.24"]
[White "Musialkiewicz, Pawel"]
[Black "Borowicz, Przemyslaw"]
[Result "1-0"]
[WhiteElo "1838"]
[BlackElo "2009"]
[PlyCount "26"]
[EventDate "2009.??.??"]

1. d4 d5 2. c4 c6 3. Nc3 e6 4. e4 dxe4 5. Nxe4 Bb4+ 6. Bd2 Qxd4 7. Bxb4 Qxe4+
8. Be2 Na6 9. Bf8 Qe5 10. Qd2 Bd7 11. Bd6 Qf6 12. O-O-O O-O-O 13. Bg3 Be8 1-0

[Event "45 Miedzynarodowy Festiwal Szachowy im."]
[Site "Polanica Zdroj - Nasz Dom"]
[Date "2009.08.27"]
[Round "10.26"]
[White "Wozniak, Dawid"]
[Black "Szolc, Grzegorz"]
[Result "1/2-1/2"]
[WhiteElo "1894"]
[BlackElo "1644"]
[PlyCount "23"]
[EventDate "2009.??.??"]

1. d4 Nf6 2. c4 e6 3. Nc3 Bb4 4. Bg5 h6 5. Bxf6 Qxf6 6. Rc1 b6 7. a3 Bxc3+ 8.
Rxc3 Bb7 9. Nf3 O-O 10. g3 d6 11. Bg2 e5 12. O-O 1/2-1/2

[Event "45 Miedzynarodowy Festiwal Szachowy im."]
[Site "Polanica Zdroj - Nasz Dom"]
[Date "2009.08.27"]
[Round "10.27"]
[White "Nowicki, Bartosz"]
[Black "Wozniak, Bartosz"]
[Result "1-0"]
[WhiteElo "1944"]
[BlackElo "1770"]
[PlyCount "81"]
[EventDate "2009.??.??"]

1. e4 c5 2. Nf3 Nc6 3. d4 cxd4 4. Nxd4 e5 5. Nb5 d6 6. c4 a6 7. N5c3 Be6 8. Be2
Be7 9. O-O Nf6 10. Be3 O-O 11. Nd2 Nd7 12. Bg4 Bg5 13. Bxe6 fxe6 14. Qg4 Bxe3
15. Qxe6+ Kh8 16. fxe3 Nc5 17. Qg4 Qb6 18. Nb3 Nb4 19. Rxf8+ Rxf8 20. Rf1 Rg8
21. Nxc5 Qxc5 22. Qe2 Nc6 23. Nd5 Qa5 24. a3 Qd8 25. Qh5 Ne7 26. Qg5 Nxd5 27.
Qxd8 Rxd8 28. exd5 Kg8 29. Rc1 Rc8 30. b4 b6 31. Kf2 g6 32. e4 Kg7 33. Ke3 h6
34. Kd3 g5 35. a4 Kf6 36. Ra1 Rb8 37. Kc3 a5 38. Rb1 Ra8 39. bxa5 bxa5 40. Rb7
Ra6 41. c5 1-0

[Event "45 Miedzynarodowy Festiwal Szachowy im."]
[Site "Polanica Zdroj - Nasz Dom"]
[Date "2009.08.27"]
[Round "10.28"]
[White "Eggink, Mateusz"]
[Black "Graczyk, Damian"]
[Result "0-1"]
[WhiteElo "1756"]
[BlackElo "1890"]
[PlyCount "86"]
[EventDate "2009.??.??"]

1. e4 c5 2. Nf3 d6 3. d4 cxd4 4. Nxd4 Nc6 5. Be3 g6 6. Nc3 Bg7 7. Qd2 Nf6 8. f3
O-O 9. O-O-O Nxd4 10. Bxd4 Be6 11. Kb1 Rc8 12. h4 h5 13. Be2 Re8 14. Bb5 Rf8
15. Be2 Re8 16. Bb5 Rf8 17. Be2 a6 18. Nd5 Nxd5 19. Bxg7 Kxg7 20. exd5 Bf5 21.
Bd3 Qd7 22. Qf4 b5 23. Rhe1 Rc7 24. Rg1 Rfc8 25. c3 Rc4 26. Qg5 Bxd3+ 27. Rxd3
b4 28. cxb4 Qb5 29. Qd2 Rxh4 30. Rd4 Rxd4 31. Qxd4+ Kg8 32. b3 Qe2 33. Qd1 Qf2
34. g4 h4 35. Rf1 Qg3 36. Rg1 Qf4 37. Qe2 Rc3 38. Qxe7 h3 39. Qh4 Rxf3 40. Qe1
h2 41. Rh1 Rf2 42. a3 Qd4 43. Qc1 Qxd5 0-1

[Event "45 Miedzynarodowy Festiwal Szachowy im."]
[Site "Polanica Zdroj - Nasz Dom"]
[Date "2009.08.27"]
[Round "10.29"]
[White "Jarus, Grzegorz"]
[Black "Jankowski, Aleksander"]
[Result "1/2-1/2"]
[WhiteElo "1860"]
[BlackElo "1737"]
[PlyCount "30"]
[EventDate "2009.??.??"]

1. d4 Nf6 2. c4 g6 3. Nc3 Bg7 4. e4 d6 5. Nf3 O-O 6. Be2 c5 7. O-O a6 8. a3 Nc6
9. d5 Nb8 10. Kh1 b5 11. Kg1 Nbd7 12. Kh1 Nb6 13. Kg1 Kh8 14. Kh1 Kg8 15. Kg1
Kh8 1/2-1/2

[Event "45 Miedzynarodowy Festiwal Szachowy im."]
[Site "Polanica Zdroj - Nasz Dom"]
[Date "2009.08.27"]
[Round "10.30"]
[White "Kowara, Magdalena"]
[Black "Korcz, Daniel"]
[Result "0-1"]
[WhiteElo "1826"]
[BlackElo "1743"]
[PlyCount "48"]
[EventDate "2009.??.??"]

1. e4 e5 2. Nf3 Nc6 3. Bb5 a6 4. Ba4 Nf6 5. O-O b5 6. Bb3 Bc5 7. d3 h6 8. c3
O-O 9. h3 d6 10. Re1 Bb7 11. Nbd2 Re8 12. Nf1 d5 13. exd5 Nxd5 14. d4 Ba7 15.
dxe5 Nce7 16. Nh4 Qd7 17. Ne3 Rad8 18. Qf3 Ng6 19. Qg3 Rxe5 20. Nf3 Ree8 21.
Rd1 c6 22. Ng4 Bb8 23. Nfe5 Bxe5 24. f4 Bb8 0-1

[Event "45 Miedzynarodowy Festiwal Szachowy im."]
[Site "Polanica Zdroj - Nasz Dom"]
[Date "2009.08.27"]
[Round "10.31"]
[White "Prazmowski, Bartosz"]
[Black "Ostalska, Natalia"]
[Result "1-0"]
[WhiteElo "1807"]
[BlackElo "1530"]
[PlyCount "65"]
[EventDate "2009.??.??"]

1. d4 d5 2. c4 c6 3. Nc3 Nf6 4. Bf4 dxc4 5. a4 Bf5 6. e3 e6 7. Bxc4 Bb4 8. Nge2
Nbd7 9. O-O Nb6 10. Bb3 Nbd5 11. Bg5 Qc7 12. Nxd5 Nxd5 13. Bxd5 exd5 14. Bf4
Qe7 15. Ng3 Bg6 16. Kh1 h5 17. h3 h4 18. Ne2 Bh5 19. Qc2 g5 20. Bh2 Bg6 21. Qb3
Bh5 22. Nc1 f6 23. Nd3 a5 24. Nxb4 axb4 25. a5 Be2 26. Rfe1 Bc4 27. Qc2 O-O 28.
Qg6+ Kh8 29. Qh6+ Kg8 30. f4 Rf7 31. fxg5 fxg5 32. Be5 Bd3 33. Qh8# 1-0

[Event "45 Miedzynarodowy Festiwal Szachowy im."]
[Site "Polanica Zdroj - Nasz Dom"]
[Date "2009.08.27"]
[Round "10.34"]
[White "Stepniewski, Jerzy"]
[Black "Gola, Karolina"]
[Result "1/2-1/2"]
[WhiteElo "1814"]
[BlackElo "1908"]
[PlyCount "99"]
[EventDate "2009.??.??"]

1. g3 d5 2. f4 e6 3. Nf3 Nf6 4. Bg2 Bd6 5. O-O c5 6. c3 Nc6 7. Na3 a6 8. Nc2
Qc7 9. d4 O-O 10. a3 Rb8 11. Nce1 c4 12. Ne5 Nd7 13. N1f3 f6 14. Ng4 b5 15. Nh4
b4 16. e4 dxe4 17. Bxe4 f5 18. Bxc6 Qxc6 19. Ne5 Bxe5 20. fxe5 Bb7 21. Qf3 a5
22. Qxc6 Bxc6 23. Bg5 Rfe8 24. Bd2 Red8 25. Ng2 Nxe5 26. Bf4 Nf3+ 27. Rxf3 Bxf3
28. Bxb8 Rxb8 29. Ne3 Be2 30. d5 exd5 31. Nxd5 bxc3 32. bxc3 Bd3 33. Rc1 Rb2
34. Re1 Ra2 35. Re8+ Kf7 36. Re7+ Kf8 37. Ra7 a4 38. Nf4 Ra1+ 39. Kf2 Ra2+ 40.
Ke3 Rxh2 41. Rxa4 Rh1 42. Ra7 Re1+ 43. Kd2 Re7 44. Ra8+ Kf7 45. Rd8 Bf1 46. Rh8
h6 47. Ra8 g5 48. Nd5 Rb7 49. Ke3 Bg2 50. Kd4 1/2-1/2

[Event "45 Miedzynarodowy Festiwal Szachowy im."]
[Site "Polanica Zdroj - Nasz Dom"]
[Date "2009.08.27"]
[Round "10.35"]
[White "Graczyk, Konrad"]
[Black "Oszczanowski, Witold"]
[Result "1/2-1/2"]
[WhiteElo "1907"]
[BlackElo "1679"]
[PlyCount "38"]
[EventDate "2009.??.??"]

1. d4 Nf6 2. Bg5 Ne4 3. Bh4 d5 4. e3 Bf5 5. Nf3 c6 6. Bd3 Qb6 7. Qc1 e6 8. O-O
Bd6 9. Bxe4 Bxe4 10. Nbd2 Bxf3 11. Nxf3 Nd7 12. c4 dxc4 13. Qxc4 Nf6 14. e4 Be7
15. Bxf6 Bxf6 16. d5 cxd5 17. exd5 O-O 18. dxe6 Qxe6 19. Qxe6 fxe6 1/2-1/2

[Event "45 Miedzynarodowy Festiwal Szachowy im."]
[Site "Polanica Zdroj - Nasz Dom"]
[Date "2009.08.27"]
[Round "10.36"]
[White "Gabrys, Sebastian"]
[Black "Kustal, Emilia"]
[Result "1/2-1/2"]
[WhiteElo "1877"]
[BlackElo "1603"]
[PlyCount "39"]
[EventDate "2009.??.??"]

1. e4 e6 2. d4 d5 3. exd5 exd5 4. c4 Nf6 5. Nc3 Be7 6. Nf3 Bg4 7. Be2 c6 8.
cxd5 Nxd5 9. Bc4 Bxf3 10. Qxf3 Nf6 11. d5 O-O 12. O-O Qc7 13. Bg5 h6 14. Bxf6
Bxf6 15. dxc6 Nxc6 16. Nd5 Qe5 17. Nxf6+ Qxf6 18. Qxf6 gxf6 19. Rfd1 Ne5 20.
Bd5 1/2-1/2

[Event "45 Miedzynarodowy Festiwal Szachowy im."]
[Site "Polanica Zdroj - Nasz Dom"]
[Date "2009.08.27"]
[Round "10.37"]
[White "Reichert, Jakub"]
[Black "Ziemba, Artur"]
[Result "1-0"]
[WhiteElo "1760"]
[BlackElo "1638"]
[PlyCount "99"]
[EventDate "2009.??.??"]

1. d4 d5 2. c4 e6 3. Nc3 Nf6 4. Bg5 Nbd7 5. e3 c6 6. Bd3 Bd6 7. c5 Bc7 8. f4 h6
9. Bh4 Ba5 10. Nge2 b6 11. Qa4 bxc5 12. dxc5 Rb8 13. Bxf6 gxf6 14. a3 Rxb2 15.
O-O Rg8 16. Rac1 Qc7 17. Nd1 Rd2 18. Nf2 e5 19. e4 d4 20. f5 Nb8 21. Rb1 Nd7
22. Rfc1 h5 23. Qc4 Ke7 24. Ng3 Nb8 25. Qa4 Ba6 26. Rb3 Bxd3 27. Nxd3 h4 28.
Rcb1 Nd7 29. Rb7 Qd8 30. Qxc6 hxg3 31. Qd6+ Ke8 32. c6 Nb6 33. Qc5 Rxd3 34. c7
gxh2+ 35. Kxh2 Qc8 36. Rb8 Rd2 37. Qc6+ Kf8 38. Qd6+ Kg7 39. Rxc8 Nxc8 40. Qc6
Kh7 41. Rg1 Bb6 42. Qxf6 d3 43. Qh4+ Kg7 44. Qg5+ Kf8 45. Qxd2 Rh8+ 46. Kg3
Bxg1 47. Qxd3 Rg8+ 48. Kf3 Bb6 49. f6 Bd4 50. Qa6 1-0